000 00578nam a2200181Ia 4500
001 1626
005 20260306143742.0
008 260306t2018||||xx |||||||||||||| ||spa||
041 _aESP
082 _a153.6
_bCH523
100 _aChapman, Susan Gillis
_eAUT
245 0 _aLas cinco claves de la comunicación mindful:
_butilizar la escucha profunda y el habla consciente para fortalecer las relaciones, sanar los conflictos y alcanzar nuestros objetivos
260 _c2018
300 _a304 pƔginas :
_c21 cm.
650 _aGEN
654 _aCPS
942 _cLIB
_dJUS
_fJUS
_2ddc
_n
999 _c1626
_d1626